000 00756nam a2200253Ia 4500
008 220216s9999 xx 000 0 und d
100 _aKuswanhadi
245 4 _aThe Expression of HbACSI gene in response to ethylene stimulation and wounding in Hevea brasiliensis
260 _bIRRDB Workshop on Latex Harvesting Technologies, 5-8 May 2008, Academy Hevea Malaysia, Malaysian Rubber Board, Sungai Buloh, Selangor.
650 _a1-MCP
650 _aACC synthase
650 _aEthylene
650 _aGene expression
650 _aGene isolation
650 _aPCR
650 _aRT-PCR
650 _aWound
700 _aLeclercq J
700 _aMontoro P
700 _aRio M
700 _aSumarmadji
856 _uPapers only
942 _cJS
999 _c70695
_d70695